NBA Daily Trivia #3 - Statistics

General Stats
  • This quiz has been taken 261 times
  • The average score is 9 of 14
Answer Stats
Picture Answer % Correct
Stephen Curry
100%
Luka Doncic
99%
Klay Thompson
94%
Jayson Tatum
86%
Damian Lillard
77%
Paul George
65%
Michael Porter Jr.
57%
CJ McCollum
52%
D'Angelo Russell
49%
Fred VanVleet
45%
Mikal Bridges
45%
Donte DiVincenzo
42%
Bogdan Bogdanovic
33%
Malik Beasley
23%
No matching quizzes found
Score Distribution
Percent of People with Each Score
Percentile by Number Answered
Your Score History
You have not taken this quiz